[Event "17th Aeroflot Open-A 2019"]
[Site "Moscow"]
[Date "2019.02.24"]
[Round "6.6"]
[White "Gordievsky, Dmitry"]
[Black "Fedoseev, Vladimir"]
[Result "1/2-1/2"]
[WhiteElo "2603"]
[BlackElo "2715"]
[Annotator "TA"]
[PlyCount "95"]
[EventDate "2019.02.19"]
[EventCountry "RUS"]
[SourceTitle "playchess.com"]
[Source "ChessBase"]
[SourceQuality "1"]

{[%evp 9,95,4,11,-18,24,-1,5,-25,-24,-19,-14,-15,-19,-11,-13,-49,-10,-22,-16,-25,-19,-45,-9,-7,0,0,0,0,10,14,35,11,82,81,93,75,90,123,89,56,97,114,146,0,52,0,0,0,0,0,0,0,0,0,0,0,0,0,0,0,0,-8,-8,-52,-56,-87,-83,-99,-92,-124,-128,-111,-129,-174,-168,-229,-233,-239,-232,-334,-331,-594,-594,-594,-594,-594,-8,-8]} 1. c4 Nf6 2. Nc3 e5 3. Nf3 e4 4. Ng5 b5 5. cxb5 d5 6. d4 {A22: English Opening: 1...e5 2 Nc3 Nf6} Bd6 7. Nh3 $146 ({Predecessor:} 7. g3 h6 8. Nh3 g5 9. f4 Bxh3 10. Bxh3 gxf4 11. Bxf4 Bxf4 12. gxf4 Nh5 13. O-O Qh4 14. Bg2 Nxf4 15. Rxf4 Qxf4 16. Nxd5 Qd6 {½-½ (16) Dobrenko,A (2122)-Truskavetsky,A (2385) Elets 2009}) 7... a6 8. e3 Bxh3 9. gxh3 axb5 10. Nxb5 Be7 11. Bg2 O-O 12. Bd2 c6 13. Nc3 Nbd7 14. f3 {[%cal Rf3e4]} exf3 15. Qxf3 Bd6 16. O-O Qb8 17. Rab1 Re8 18. b4 Nb6 19. b5 $1 {[%cal Rb5c6]} c5 20. a4 Qc7 (20... Bxh2+ $11 21. Kh1 Bd6) 21. Qf5 $16 cxd4 22. exd4 Qc4 23. Qf2 Qd3 24. Rbd1 Qc4 25. Rc1 Qd3 26. Rcd1 (26. Bg5 $16 Ba3 27. Rc2) 26... Qg6 (26... Qc4 $1 $11) 27. Qf5 (27. Kh1 $14) 27... Bb4 $1 $11 28. Qxg6 hxg6 29. Nxd5 Nfxd5 30. Bxb4 Nxb4 31. Bxa8 Rxa8 32. Ra1 {Strongly threatening a5.} Rxa4 33. Rxa4 Nxa4 34. Ra1 Nb6 35. h4 Kf8 36. Ra7 Ke8 37. Kg2 N4d5 38. Kf3 {[#]} Nc8 $1 {[%cal Rc8a7]} 39. Rb7 Nd6 40. Rb8+ Kd7 41. b6 Kc6 42. Kg4 (42. Rh8 $142) 42... Nxb6 $19 43. Rg8 Nf5 {White must now prevent ...Nh6+.} 44. Kg5 (44. Rd8 $142) 44... Nxd4 45. Rxg7 $2 (45. h5 {was called for.} Ne6+ 46. Kh4) 45... Ne6+ {[%mdl 64] [#] Double Attack} 46. Kf6 Nxg7 47. Kxf7 Ne6 $2 ({Black should try} 47... Nh5 $19 48. Kxg6 Nf4+ 49. Kg5 Nh3+ 50. Kg4 Nf2+ 51. Kf3 Nd1) 48. Kxe6 {Accuracy: White = 50%, Black = 68%.} 1/2-1/2

[Event "17th Aeroflot Open-A 2019"]
[Site "Moscow"]
[Date "2019.02.24"]
[Round "6.7"]
[White "Wang, Hao"]
[Black "Svane, Rasmus"]
[Result "1-0"]
[WhiteElo "2714"]
[BlackElo "2599"]
[Annotator "TA"]
[PlyCount "79"]
[EventDate "2019.02.19"]
[EventCountry "RUS"]
[SourceTitle "playchess.com"]
[Source "ChessBase"]
[SourceQuality "1"]

{[%evp 15,79,18,13,0,0,0,7,0,9,0,0,0,8,6,35,0,0,0,0,-1,0,0,1,0,0,0,0,0,0,0,15,-20,-15,-15,-12,-24,-20,-19,0,0,0,0,212,200,213,213,224,218,227,231,282,289,281,275,275,275,281,287,370,394,700,628,643,645,634,625]} 1. c4 c6 2. Nf3 d5 3. d4 Nf6 4. e3 Bf5 5. Nc3 a6 6. Nh4 {D15: Slav Defence: 4 Nc3 a6 and gambit lines after 4 Nc3 dxc4} (6. Qb3 Ra7 7. Nh4 Bc8 8. Bd2 e6 9. c5 Nbd7 10. Nf3 e5 11. Nxe5 Nxe5 12. dxe5 Nd7 13. Na4 Bxc5 14. Nxc5 Nxc5 {0-1 (84) Radjabov,T (2757)-Fedoseev,V (2724) Wijk aan Zee 2019}) 6... Bg4 7. Qc2 e6 8. h3 Bh5 {LiveBook: 4 Games} 9. c5 $146 ({Predecessor:} 9. g4 Nfd7 10. gxh5 Qxh4 11. Bd2 dxc4 12. Bxc4 Qxh5 13. Be2 Qh4 {1-0 (30) Gledura,B (2615)-Paehtz,E (2477) Wijk aan Zee 2019}) 9... Nfd7 10. Nf3 b6 11. cxb6 Nxb6 12. Na4 Nxa4 13. Qxa4 Qb6 14. Bd3 Bb4+ 15. Ke2 Nd7 16. a3 Bd6 17. Bd2 e5 {[#] Hoping for ...e4.} 18. g4 Bg6 $132 {[%mdl 2048] White must now prevent ...e4. Black is fighting back} 19. Bxg6 hxg6 20. dxe5 Nxe5 21. Rac1 {Strongly threatening Nxe5.} Rc8 $1 22. Bc3 f6 23. Rhd1 {Rxd5 is the strong threat.} Ke7 24. Bxe5 fxe5 25. b4 Qb7 26. Ng5 e4 27. Qc2 Qb5+ 28. Ke1 a5 $2 (28... Rhe8 $11) 29. Qc3 $18 Rhg8 {[%cal Ra5b4]} 30. bxa5 Bc7 31. Qb4+ Qxb4+ 32. axb4 Bd6 {[#]} 33. b5 $1 {[%mdl 512]} cxb5 34. Rxc8 Rxc8 35. Rxd5 {KRB-KRN} Rb8 36. a6 {[%cal Ba5a6,Ba6a7][%mdl 32]} ({But not} 36. Nxe4 Bb4+ 37. Kd1 Bxa5 $18) 36... b4 37. Nxe4 b3 $2 (37... Bc7 38. Rc5 Bb6) 38. a7 {White is clearly winning.} ({Inferior is} 38. Rxd6 b2 $11) 38... Bb4+ 39. Ke2 Ra8 40. Rb5 {Precision: White = 76%, Black = 60%.} 1-0

[Event "17th Aeroflot Open-A 2019"]
[Site "Moscow"]
[Date "2019.02.24"]
[Round "6.8"]
[White "Dubov, Daniil"]
[Black "Donchenko, Alexander"]
[Result "1/2-1/2"]
[WhiteElo "2703"]
[BlackElo "2600"]
[Annotator "TA"]
[PlyCount "58"]
[EventDate "2019.02.19"]
[EventCountry "RUS"]
[SourceTitle "playchess.com"]
[Source "ChessBase"]
[SourceQuality "1"]

{[%evp 13,58,8,22,0,0,0,0,0,0,0,0,0,0,0,0,0,0,0,0,-8,-5,-24,-8,-70,-62,-66,-68,-219,-68,-79,-68,-72,-70,-79,0,-59,-62,-55,-55,-60,-59,-67,-55,-64,-29,-28,-22]} 1. c4 c5 2. Nf3 Nf6 3. Nc3 e6 4. e3 b6 5. d4 cxd4 6. exd4 Bb7 7. a3 d5 8. Bg5 {Strongly threatening cxd5. E12: Queen's Indian: Unusual White 4th moves, 4 a3, 4 Nc3 Bb7 5 a3 and 4 Nc3 Bb7} (8. cxd5 {with more complications.} Nxd5 9. Bb5+ Bc6 10. Bd3 Bd6 11. O-O) 8... Be7 9. Bxf6 Bxf6 10. cxd5 {The position is equal.} Bxd5 11. Nxd5 Qxd5 12. Qa4+ Nd7 13. Bb5 Rd8 14. O-O {Black must now prevent Ne5.} O-O 15. Rac1 Nb8 {[#]} 16. Rc7 $146 a6 17. Bd3 g6 {[%cal Rf6d4]} 18. Qc2 (18. Rd1 $11) 18... Bxd4 $15 19. Be4 Qa5 20. Rd1 $2 {[#]} (20. g3 $15) 20... Bf6 $2 (20... Bxb2 $1 $19 {[%mdl 512] Hoping for ...b5.} 21. Rxd8 (21. Qxb2 Rxd1+) 21... Rxd8) 21. Rxd8 Rxd8 22. g4 b5 {[%cal Bb6b5,Bb5a4][%mdl 32] Threatens to win with ...Bxb2!} 23. Rb7 Qa4 (23... Nd7 $17 {...Ne5 is the strong threat.} 24. g5 {[#]} Bxb2 $1 {[%mdl 512]} 25. Rxd7 (25. Qxb2 Nc5 $17 {[%mdl 64] Double Attack}) 25... Rxd7 26. Qxb2 Qa4) 24. Qxa4 ({White should play} 24. Qc7 $1 $11 Nd7 25. b4) 24... bxa4 25. g5 Bg7 26. Kg2 Nd7 27. Bc2 Nc5 28. Rb4 Rd5 29. Bxa4 Nxa4 {Accuracy: White = 61%, Black = 56%.} 1/2-1/2

[Event "17th Aeroflot Open-A 2019"]
[Site "Moscow"]
[Date "2019.02.24"]
[Round "6.9"]
[White "Petrosian, Tigran L."]
[Black "Kovalev, Vladislav"]
[Result "1-0"]
[WhiteElo "2595"]
[BlackElo "2703"]
[Annotator "TA"]
[PlyCount "129"]
[EventDate "2019.02.19"]
[EventCountry "RUS"]
[SourceTitle "playchess.com"]
[Source "ChessBase"]
[SourceQuality "1"]

{[%evp 9,129,0,0,0,0,-6,24,22,28,18,23,12,16,8,8,15,36,24,30,-15,-39,-25,-9,-19,0,0,0,-43,11,-101,12,19,19,16,16,15,41,27,14,-6,-7,-10,6,0,211,212,212,212,194,205,188,98,97,97,97,97,102,103,103,103,103,103,103,103,103,102,110,110,220,155,220,220,203,193,270,270,270,270,270,270,270,270,270,270,270,270,257,251,372,372,367,291,367,367,400,372,367,367,354,357,351,264,458,458,458,458,791,739,656,591,1161,1145,866,384,968,752,4129,4129,5065,4833,4137,4137]} 1. d4 Nf6 2. Nf3 e6 3. c4 d5 4. Nc3 dxc4 5. g3 (5. e4 Bb4 6. Bxc4 Nxe4 7. O-O Nf6 8. Qa4+ Nc6 9. Bg5 Bxc3 10. bxc3 O-O 11. Ne5 Qd6 12. Rfe1 Nd5 13. Bxd5 exd5 14. Nxc6 Qxc6 15. Qxc6 bxc6 {½-½ (31) Mamedyarov,S (2817)-Duda,J (2738) Wijk aan Zee 2019}) 5... c5 6. Qa4+ {D24: Queen's Gambit Accepted: 3 Nf3 Nf6 4 Nc3} Bd7 7. Qxc4 Bc6 {...cxd4 is the strong threat.} 8. dxc5 {White has an edge.} Nbd7 9. Be3 Nd5 10. Bd4 Rc8 $1 11. Bg2 $146 ({Predecessor:} 11. b4 b6 12. b5 bxc5 13. bxc6 N7b6 14. Qb3 cxd4 15. Nxd5 Nxd5 {0-1 (24) Deschenaux,B (1954)-Kappeler,K (2245) Martigny 2016}) 11... Nxc5 12. Bxc5 Bd7 13. Qd4 (13. Qb3 {is more complex.} Rxc5 14. Nxd5 Rxd5 15. O-O Rb5 16. Qa4) 13... Rxc5 14. O-O Nxc3 15. bxc3 Qc7 16. Rfd1 b6 17. Nd2 Qe5 18. Qd3 Qxc3 (18... Be7 $15) 19. Qa6 (19. Qe4 $1 $11) 19... Ra5 (19... Rc7 $17 20. Nb3 Qc4 21. Qxc4 Rxc4) 20. Qb7 $40 {[%mdl 128] White has some attack.} Qc8 21. Qxc8+ Bxc8 22. Nb3 Re5 23. Bc6+ {[%mdl 1024] White has compensation.} Ke7 24. e4 {And now f4 would win.} g5 $1 25. Rac1 Kf6 26. Rd8 Bg7 $2 (26... Ba6 $1 $11 {and Black has nothing to worry.}) 27. Rxh8 $18 Bxh8 28. f4 gxf4 29. gxf4 Rh5 30. e5+ (30. Be8 $1 $18) 30... Kf5 $16 31. Bf3 {[%mdl 64] Discovered Attack} Rh4 {Strongly threatening ...Ba6.} 32. Rxc8 Kxf4 33. Rc4+ Kg5 34. Rxh4 $1 Kxh4 35. Nd4 Bxe5 36. Nc6 Bf6 37. Nxa7 Bd4+ 38. Kg2 f5 (38... Kg5 $16 39. Nc6 Bc5) 39. Nc6 Bc3 (39... Bf6 $16 {was worth a try.} 40. Nb8 Bd4) 40. Nd8 $1 $18 e5 41. Ne6 e4 (41... b5 $142 42. Bc6 b4) 42. Be2 Be5 {[#]} 43. Bb5 $1 Kg4 44. h3+ Kh5 {[#]} 45. Be8+ $1 Kh4 46. a4 Bd6 47. Bd7 Be5 48. Nf8 Kg5 (48... f4 {was called for.}) 49. Nxh7+ Kg6 50. Nf8+ Kf6 51. h4 Bd4 52. Ne6 Be3 53. Kg3 Ke7 54. Bc8 Kf6 55. Nf8 Ke5 $2 (55... Bd4 {might work better.} 56. Kf4 Be5+ 57. Ke3 Bh2) 56. Nd7+ Kd6 57. Nf6 Ke5 (57... Bd4 $142 58. Ng8 (58. Bxf5 Bxf6 59. Bxe4 Ke5 $14) 58... Be5+ 59. Kg2 Bg7 60. Bxf5 Ke5) 58. Ng8 f4+ 59. Kg4 f3 {next ...b5! is good for Black.} 60. Ba6 Bc5 61. Nh6 Bf8 $2 (61... Ba3 62. Nf5 Bc1) 62. Nf5 {White is clearly winning.} Bc5 63. h5 e3 64. h6 {White wants to mate with h7.} Be7 65. Nxe3 {Accuracy: White = 69%, Black = 32%.} 1-0

[Event "17th Aeroflot Open-A 2019"]
[Site "Moscow"]
[Date "2019.02.24"]
[Round "6.10"]
[White "Narayanan.S.L"]
[Black "Mamedov, Rauf"]
[Result "1-0"]
[WhiteElo "2593"]
[BlackElo "2703"]
[Annotator "TA"]
[PlyCount "69"]
[EventDate "2019.02.19"]
[EventCountry "RUS"]
[SourceTitle "playchess.com"]
[Source "ChessBase"]
[SourceQuality "1"]

{[%evp 25,69,8,31,8,30,27,43,29,50,30,58,58,55,47,72,59,63,64,93,86,82,79,210,83,287,282,287,263,278,285,343,344,388,391,568,568,538,507,565,550,597,505,778,742,717,677]} 1. e4 c5 2. Nf3 Nc6 3. d4 cxd4 4. Nxd4 g6 5. c4 Nf6 6. Nc3 d6 7. Be2 Nxd4 8. Qxd4 Bg7 9. Be3 O-O 10. Qd2 a5 11. O-O a4 12. f3 Be6 13. Nb5 {B36: Sicilian: Maroczy Bind: Gurgenidze System} Nd7 {LiveBook: 3 Games} 14. Rab1 {[#]} Ne5 $146 ({Predecessor:} 14... Qa5 15. Qxa5 Rxa5 16. Nc7 Nc5 17. Rfc1 Rc8 18. Bd2 Ra7 19. Nxe6 Nxe6 20. Kf1 Nc5 {½-½ (78) Yu,Y (2751)-Mamedov,R (2709) Huaian 2017}) 15. Rfc1 {White has an edge.} Nc6 16. Bf1 Qd7 17. Nc3 Ne5 18. Nd5 Bxd5 19. cxd5 f5 20. Qb4 fxe4 21. Qxe4 Kh8 22. h3 e6 23. Rd1 Ra5 {[#]} (23... Rf5 $16 {was worth a try.}) 24. Bf2 (24. dxe6 $1 $18 {and the rest is easy.} Qxe6 25. Bd2) 24... Qf7 $2 (24... Rxd5 $16 {was called for.} 25. Rxd5 exd5 26. Qxd5 Rf5) 25. dxe6 $18 Qxe6 {[#] aiming for ...Nxf3+!} 26. f4 $1 ({Don't take} 26. Qxb7 $6 Qxa2 27. Qb4 Raa8 $16) 26... Qf6 27. Bb6 d5 28. Qe3 d4 29. Qxd4 ({Worse is} 29. fxe5 Qxb6 30. Qxd4 Qc6 $11) 29... Qf5 (29... Nc6 $142 30. Qxf6 Bxf6 31. Bxa5 Nxa5) 30. fxe5 {White is clearly winning.} Rxe5 31. Qd7 Qf4 32. Bd4 Bf6 33. Qg4 Qh6 (33... Qxg4 $142 34. hxg4 Re6 35. Bxf6+ Rexf6) 34. Bxe5 Bxe5 35. Re1 {Precision: White = 51%, Black = 32%.} 1-0

[Event "17th Aeroflot Open-A 2019"]
[Site "Moscow"]
[Date "2019.02.24"]
[Round "6.11"]
[White "Nabaty, Tamir"]
[Black "Nihal Sarin"]
[Result "1-0"]
[WhiteElo "2688"]
[BlackElo "2578"]
[Annotator "TA"]
[PlyCount "49"]
[EventDate "2019.02.19"]
[EventCountry "RUS"]
[SourceTitle "playchess.com"]
[Source "ChessBase"]
[SourceQuality "1"]

{[%evp 9,49,12,19,20,30,26,21,0,0,11,58,35,54,51,84,73,91,88,133,32,85,71,190,163,151,156,153,148,152,145,156,157,204,217,447,435,429,425,512,385,613,610]} 1. d4 d5 2. c4 e6 3. Nc3 c6 4. e4 Bb4 5. Bd3 dxe4 6. Bxe4 {D31: Queen's Gambit Declined: Semi-Slav without ...Nf6 (+ Marshall Gambit and Noteboom) and Exchange Variation lines without ...Nf6} Nf6 7. Bc2 (7. Bf3 c5 8. Nge2 O-O 9. O-O cxd4 10. Qxd4 Qxd4 11. Nxd4 a6 12. Na4 Nbd7 13. Be3 {1-0 (49) Vaisser,A (2573)-Fressinet,L (2636) playchess.com INT 2004}) 7... c5 8. Nge2 {The position is equal.} O-O $146 ({Predecessor:} 8... cxd4 9. Nxd4 e5 10. Ba4+ Bd7 11. Nf3 O-O 12. O-O e4 13. Nd4 {½-½ (88) Worek,J (2232)-Cosma,E (2337) Braila 2010}) 9. O-O Bxc3 10. bxc3 Nbd7 11. Ng3 Qc7 12. Qd3 $36 {[%mdl 2048] Black is under strong pressure.} g6 13. Bh6 Re8 {[#]} 14. f4 (14. Bg5 $1 $16) 14... b6 (14... b5 $14) 15. f5 Bb7 (15... exf5 $16 16. Nxf5 cxd4) 16. fxg6 $18 fxg6 17. Qe2 cxd4 18. cxd4 {[%cal Bc3d4,Bd4d5][%mdl 32]} e5 19. d5 Rac8 {[#]} 20. Bb3 $1 Qd6 21. Rf2 Rf8 $2 (21... e4 {was called for.} 22. Bf4 Qb4) 22. Bxf8 Rxf8 23. Raf1 Bc8 24. Qe3 Kg7 (24... Qc5 $142 25. Qxc5 bxc5) 25. Qg5 {Accuracy: White = 70%, Black = 28%.} 1-0

[Event "17th Aeroflot Open-A 2019"]
[Site "Moscow"]
[Date "2019.02.24"]
[Round "6.13"]
[White "Sjugirov, Sanan"]
[Black "Yakubboev, Nodirbek"]
[Result "1/2-1/2"]
[WhiteElo "2663"]
[BlackElo "2569"]
[Annotator "TA"]
[PlyCount "61"]
[EventDate "2019.02.19"]
[EventCountry "RUS"]
[SourceTitle "playchess.com"]
[Source "ChessBase"]
[SourceQuality "1"]

{[%evp 17,61,18,15,13,18,4,35,20,25,12,24,-77,-77,-79,-78,-79,-56,-62,-21,-67,-14,-59,-22,-108,-43,-79,-52,-106,-81,-72,-72,-80,-65,-150,-76,-142,-145,-152,-152,-152,-152,-152,-152,-152,-152,-147]} 1. d4 Nf6 2. c4 e6 3. Nf3 b6 4. g3 Ba6 5. b3 Bb4+ 6. Bd2 Be7 7. Bg2 c6 8. Bc3 d5 9. Nbd2 Nbd7 10. Qc2 {E15: Queen's Indian: 4 g3 sidelines, 4 g3 Ba6 and 4 g3 Bb7 early deviations} c5 11. dxc5 bxc5 12. O-O {White is slightly better.} d4 $146 ({Predecessor:} 12... O-O 13. Bb2 Qb6 14. Rfe1 Bb7 15. cxd5 exd5 16. Rad1 Rad8 17. Bh3 Qc6 {0-1 (34) Kramnik,V (2790)-Gelfand,B (2750) Nice 2010}) 13. Bb2 e5 14. e4 (14. e3 $11 {keeps the balance.}) 14... O-O $17 15. Ne1 Bb7 16. Nd3 Qc7 17. Rae1 Rae8 18. Qd1 g6 (18... Bd6 $15) 19. a3 a5 20. Bf3 (20. a4 $11 {remains equal.}) 20... Kg7 (20... Bc6 $17) 21. Bc1 Bc6 22. a4 ({Better is} 22. Bg2 $15) 22... Bd6 23. Bg2 Qb7 24. Re2 h5 25. h3 {[#]} (25. h4 $1 $15) 25... Rh8 (25... h4 $142 $1 {[%mdl 512]} 26. Ree1 (26. gxh4 Nh5) 26... Nh7) 26. Rfe1 (26. h4 $142) 26... h4 {Black is clearly better.} 27. g4 Nh7 28. Nb1 g5 29. Na3 Be7 30. Nb5 Nhf8 31. Bd2 {Accuracy: White = 37%, Black = 33%.} 1/2-1/2

[Event "17th Aeroflot Open-A 2019"]
[Site "Moscow"]
[Date "2019.02.24"]
[Round "6.14"]
[White "Anton Guijarro, David"]
[Black "Abdusattorov, Nodirbek"]
[Result "1-0"]
[WhiteElo "2642"]
[BlackElo "2560"]
[Annotator "TA"]
[PlyCount "69"]
[EventDate "2019.02.19"]
[EventCountry "RUS"]
[SourceTitle "playchess.com"]
[Source "ChessBase"]
[SourceQuality "1"]

{[%evp 27,69,16,55,54,57,53,52,59,59,64,52,62,56,68,88,94,97,86,81,66,126,124,353,334,331,328,912,908,890,797,5177,5102,5073,20,5073,5065,3814,4040,1729,1510,29972,29973,29972,8503]} 1. d4 Nf6 2. c4 e6 3. Nc3 Bb4 4. f3 d5 5. a3 Bxc3+ 6. bxc3 O-O 7. cxd5 exd5 8. e3 c5 9. Bd3 b6 10. Ne2 Ba6 11. O-O Re8 12. Ng3 Bxd3 13. Qxd3 Nc6 14. Bb2 Rc8 {LiveBook: 44 Games} 15. e4 {E49: Nimzo-Indian: Rubinstein: 5 Bd3 d5 6 a3 Bxc3+ 7 bxc3} (15. Rae1 Qc7 16. e4 Ne7 17. e5 Nd7 18. a4 cxd4 19. cxd4 Qc2 20. Qxc2 Rxc2 21. Ba3 g6 22. Rc1 Ra2 23. Bxe7 Rxe7 {½-½ (64) Eljanov,P (2739)-Wang,Y (2737) Baku 2016}) 15... dxe4 16. fxe4 Ne5 17. Qe2 {White is slightly better.} cxd4 18. cxd4 Nc4 19. Rae1 {[#]} Nxb2 $146 ({Predecessor:} 19... b5 20. Ba1 Qb6 21. Kh1 Rc7 22. d5 Nd7 {½-½ (56) Pulse_exchange,R (2414)-Ciron (2537) playchess.com INT 2007}) 20. Qxb2 Ng4 21. h3 Nh6 22. e5 Rc4 23. Rf4 f6 (23... Kh8 $14) 24. Qb3 $1 $16 {[%cal Rb3c4]} Qd5 $2 (24... b5 $16 {was worth a try.}) 25. Nh5 $1 $18 Kh8 {[%cal Rf6e5] [#]} 26. Kh2 $1 fxe5 $2 (26... f5 27. e6 b5) 27. Rxe5 Rxe5 28. dxe5 Rc5 29. Qxd5 Rxd5 {[%mdl 4096] Endgame KRN-KRN} 30. Rf8+ Ng8 {[#]} 31. Nf6 $1 {[%mdl 512]} gxf6 32. exf6 {[%cal Be5f6,Bf6f7][%mdl 32]} Rg5 33. g4 {[%cal Bg2g4,Bg4g5][%mdl 32]} ({Not} 33. f7 Rg7 $16) 33... Rg6 34. f7 Rg7 35. g5 {Precision: White = 100%, Black = 42%.} 1-0

[Event "17th Aeroflot Open-A 2019"]
[Site "Moscow"]
[Date "2019.02.24"]
[Round "6.15"]
[White "Petrosyan, Manuel"]
[Black "Zvjaginsev, Vadim"]
[Result "1/2-1/2"]
[WhiteElo "2564"]
[BlackElo "2642"]
[Annotator "TA"]
[PlyCount "37"]
[EventDate "2019.02.19"]
[EventCountry "RUS"]
[SourceTitle "playchess.com"]
[Source "ChessBase"]
[SourceQuality "1"]

{[%evp 9,37,28,42,48,44,35,37,35,41,24,39,31,29,20,40,50,64,7,15,0,14,14,30,12,16,0,0,-18,0,-12]} 1. d4 d6 2. Nf3 Nf6 3. c4 g6 4. Nc3 Bf5 5. Ng5 Bd7 6. f4 {E61: King's Indian: Early deviations for White, including Smyslov System} Bg7 7. e4 e5 8. fxe5 {White is slightly better.} dxe5 9. dxe5 Ng4 10. e6 Bxe6 {[#] White must now prevent ...Bxc3+.} 11. Qxd8+ Kxd8 12. Be2 $146 ({Predecessor:} 12. Nxe6+ fxe6 {0-1 (66) Lalith,B (2571)-Rakhmanov,A (2665) Dubai 2017}) 12... Ne5 13. Nxe6+ (13. O-O $14) 13... fxe6 $11 14. Bd2 Nbd7 15. O-O-O c6 16. Kc2 Ke7 {The position is equal.} 17. Rhf1 h6 18. Be3 b6 19. b4 {Accuracy: White = 49%, Black = 73%.} 1/2-1/2

[Event "17th Aeroflot Open-A 2019"]
[Site "Moscow"]
[Date "2019.02.24"]
[Round "6.16"]
[White "Vaibhav, Suri"]
[Black "Ganguly, Surya Shekhar"]
[Result "1-0"]
[WhiteElo "2575"]
[BlackElo "2636"]
[Annotator "TA"]
[PlyCount "71"]
[EventDate "2019.02.19"]
[EventCountry "RUS"]
[SourceTitle "playchess.com"]
[Source "ChessBase"]
[SourceQuality "1"]

{[%evp 10,71,25,16,17,5,14,9,13,12,13,0,14,-1,5,4,42,35,39,-14,0,0,13,0,0,0,0,-23,104,114,109,160,157,-30,-2,-37,-33,-6,-6,-7,239,222,337,254,244,252,244,220,232,225,236,232,483,479,582,446,424,420,1211,1175,29976,29976,4798,735]} 1. c4 Nf6 2. Nc3 e6 3. e4 d5 4. cxd5 exd5 5. e5 Ne4 6. Nf3 (6. Nxe4 dxe4 7. Qa4+ Nc6 $15) 6... Bf5 {A18: English Opening: Flohr-Mikenas System (1 c4 Nf6 2 Nc3 e6 3 e4)} 7. d3 (7. Be2 {is interesting.} d4 8. Nxe4 Bxe4 9. Bc4 Nc6 10. O-O) 7... Nxc3 8. bxc3 c5 {The position is equal.} 9. d4 c4 10. Be2 $146 ({Predecessor:} 10. a4 Nc6 11. Be2 Be7 12. O-O O-O 13. Ne1 Na5 14. Nc2 {0-1 (41) Aronian,L (2764)-Nakamura,H (2769) Stavanger 2018}) 10... b5 11. O-O Nc6 12. a3 a5 13. Ne1 b4 14. g4 (14. axb4 $14 axb4 15. Rxa8 Qxa8 16. Bg4) 14... Be4 15. f3 $36 {[%mdl 2048] White is more active.} Bg6 16. f4 Be4 17. Bf3 bxc3 18. Be3 {[#] Strongly threatening Bxe4.} Qd7 (18... Bxf3 $11 {remains equal.} 19. Qxf3 Rb8) 19. Bxe4 $16 dxe4 20. d5 Rd8 21. Bb6 $2 (21. d6 $16) 21... Qxd5 $11 22. Bxd8 Bc5+ (22... Qxd8 $6 23. Qa4 $16) 23. Kh1 $1 Nd4 $1 {Hoping for ...0-0.} (23... Qxd8 $6 24. Qa4 $16) 24. Bxa5 {Qa4+ is the strong threat.} c2 $2 (24... e3+ $11 25. Ng2 c2) 25. Qd2 $18 (25. Nxc2 $2 e3+ 26. Rf3 (26. Kg1 $2 e2 $19 {[%mdl 64] Double Attack}) 26... e2 $19) 25... O-O (25... h5 $142 26. Bb4 hxg4) 26. Qg2 ({Less strong is} 26. Nxc2 e3+ 27. Qg2 Qxg2+ 28. Kxg2 Nxc2 $18) 26... Bxa3 27. Nxc2 Nxc2 28. Qxc2 e3+ 29. Kg1 Qxa5 30. Qxc4 Qb6 $2 (30... Qd2 31. e6 (31. Rxa3 e2 $16) 31... g6 32. exf7+ Kg7) 31. Rfb1 Qa7 32. Qd3 e2+ 33. Kg2 Ra8 {[#]} (33... e1=R $142) 34. Qxa3 $1 {[%mdl 512]} e1=Q (34... Qxa3 35. Rxa3) 35. Qxa7 {[%cal Ra7a8]} ({Weaker is} 35. Rxe1 Qxa3 36. Rxa3 Rxa3 $16) 35... Qe2+ 36. Qf2 {Accuracy: White = 60%, Black = 48%.} 1-0